STAYING POWER SIX ENDURING PRINCIPLES FO (Record no. 30866)

MARC details
000 -LEADER
fixed length control field 00355nam a2200133Ia 4500
008 - FIXED-LENGTH DATA ELEMENTS--GENERAL INFORMATION
fixed length control field 240624s9999 xx 000 0 und d
041 ## - LANGUAGE CODE
Language code of text/sound track or separate title eng
082 ## - DEWEY DECIMAL CLASSIFICATION NUMBER
Classification number 658.4012 CUS
100 ## - MAIN ENTRY--PERSONAL NAME
Personal name CUSUMANO MICHAEL A
245 ## - TITLE STATEMENT
Title STAYING POWER SIX ENDURING PRINCIPLES FO
260 ## - PUBLICATION, DISTRIBUTION, ETC.
Date of publication, distribution, etc. 2013
Place of publication, distribution, etc. United Kingdom
Name of publisher, distributor, etc. Oxford
300 ## - PHYSICAL DESCRIPTION
Extent xix, 367 p.; 23 cm.
365 ## - TRADE PRICE
Currency code BPS
Price amount 29
Holdings
Withdrawn status Lost status Damaged status Not for loan Home library Current library Shelving location Date acquired Cost, normal purchase price Full call number Barcode Date last seen Copy number Price effective from Koha item type
        IMTN IMTN Rack 28-B 07/13/2018 18.99 658.4012 CUS 30866 06/24/2024 94 06/24/2024 Books
Designed & Maintained by: LRC IMT Nagpur Contact: lrc@imtnag.ac.in© 2024. All Rights Reserved.